Isolation and cloning of a novel rubber elongation factor like gene from Hevea brasiliensis (Record no. 74238)

MARC details
000 -LEADER
fixed length control field 00473nam a2200145Ia 4500
100 ## - MAIN ENTRY--AUTHOR NAME
Personal name Varghese Thomas, K.
245 #0 - TITLE STATEMENT
Title Isolation and cloning of a novel rubber elongation factor like gene from Hevea brasiliensis
260 ## - PUBLICATION, DISTRIBUTION, ETC. (IMPRINT)
Name of publisher Cochin University of Science and Technology
Place of publication Kochi
Year of publication 2009
300 ## - PHYSICAL DESCRIPTION
Number of Pages 43
500 ## - GENERAL NOTE
General note Available at Biotechnology
500 ## - GENERAL NOTE
General note Course: M.Sc.
700 ## - ADDED ENTRY--PERSONAL NAME
Personal name Dr A Thulaseedharan
942 ## - ADDED ENTRY ELEMENTS (KOHA)
Koha item type Theses
Holdings
Withdrawn status Lost status Damaged status Not for loan Collection code Home library Current library Shelving location Date acquired Koha item type
      Theses Dissertation RRII Library RRII Library Biotechnology 31/12/2021 Theses